00286nam a2200109Ia 4500008004100000100003600041245003700077260002900114300000900143942000700152999001700159190216s9999||||xx |||||||||||||| ||und|| a"Vijayan, Thomas, Sreedhran Pp" 0aElectronics And Computer Science bCentral Book Depotc2001 a364p cBK c33781d33781